Score 0/60 Timer 15:00
0 Plays Today
Rank TV Show % Correct
#1 The Simpsons
95.2%
#9Family Guy
88%
#3Looney Tunes
82.9%
#7Batman: The Animated Series
81.9%
-Batman Beyond
81.9%
-Batman: The Brave and the Bold
81.9%
#10South Park
78.4%
#2The Flintstones
77.3%
#4Peanuts
75.9%
-Superman: The Animated Series
67.5%
-The Jetsons
64.9%
-The Spectacular Spider-Man
63.4%
-Futurama
60.8%
#5Scooby-Doo
60.4%
#8SpongeBob SquarePants
57.4%
-Beavis and Butt-Head
55.4%
-King of the Hill
52.3%
-Fat Albert and the Cosby Kids
49.6%
-Rugrats
49.3%
-Star Wars: The Clone Wars
45.5%
-The Yogi Bear Show
44.6%
-Animaniacs
42.8%
-Tom and Jerry
41.3%
-The Ren & Stimpy Show
37.9%
-Archer
34.5%
-The Powerpuff Girls
34%
-Justice League
31.2%
-He-Man and the Masters of the Universe
31%
#6Rocky & Bullwinkle
29.5%
-Dexter's Laboratory
29.2%
Rank TV Show % Correct
-Daria
28.7%
-Teenage Mutant Ninja Turtles
26.9%
-The Smurfs
24.9%
-Bob's Burgers
24.3%
-Adventure Time
22.4%
-The Fairly Oddparents
22%
-Pinky and the Brain
21.9%
-The Pink Panther Show
21.3%
-Phineas and Ferb
20.9%
-The Huckleberry Hound Show
20.3%
-The Woody Woodpecker Show
20%
-Iron Man:Armored Adventures
18.6%
-Super Friends
18.4%
-My Little Pony: Friendship Is Magic
17.9%
-Dora the Explorer
17.7%
-ThunderCats
17.7%
-Josie and the Pussycats
17%
-Kim Possible
16.1%
-Jonny Quest
15.2%
-Popeye The Sailor
15.1%
-Mighty Mouse
14.6%
-Avatar: The Last Airbender
14.2%
-Underdog
13.9%
-Samurai Jack
11%
-The Magilla Gorilla Show
9%
-Drawn Together
8.4%
-Jem and the Holograms
8.3%
-Gravity Falls
8%
-George of the Jungle
7.2%
-Battle of the Planets
3.1%
Remove Ads.
Support Sporcle.
Get the best of Sporcle when you Go Orange. This ad-free experience offers more features, more stats, and more fun while also helping to support Sporcle. Thank you for becoming a member.

You're not logged in!

Compare scores with friends on all Sporcle quizzes.
OR
Log In

Show Comments

Extras

Top Quizzes Today


Score Distribution

Your Account Isn't Verified!

In order to create a playlist on Sporcle, you need to verify the email address you used during registration. Go to your Sporcle Settings to finish the process.

Report this User

Report this user for behavior that violates our Community Guidelines.

Details: